--der seine Lust hat am Wort des Herrn! : Festschrift fur Ernst Jenni zum 80. Geburtstag /

محفوظ في:

مؤلفون آخرون: Jenni, Ernst., Luchsinger, Jurg., Mathys, Hans-Peter., Saur, Markus.

التنسيق: كتاب

اللغة: German
English
Italian

منشور في: Munster : Ugarit-Verlag, 2007.

سلاسل: Alter Orient und Altes Testament ; 336.

الموضوعات:

الوسوم: إضافة وسم

لا توجد وسوم, كن أول من يضع وسما على هذه التسجيلة!

رقم الطلب: PJ4514 .J45 D4 2007

LEADER 01300nam a22003737a 4500
003 OSt
005 20251110084558.0
008 251110t2007 gw c b 010 0 ger
010 |a  2007425950 
020 |a 9783934628878 
020 |a 3934628877 
040 |c ARCE Library 
041 0 |a ger  |a eng  |a ita 
050 1 4 |a PJ4514 .J45  |b D4 2007 
245 0 6 |a --der seine Lust hat am Wort des Herrn! :   |b Festschrift fur Ernst Jenni zum 80. Geburtstag /   |c herausgegeben von Jurg Luchsinger, Hans-Peter Mathys und Markus Saur. 
246 3 0 |a Festschrift fur Ernst Jenni zum 80. Geburtstag. 
264 1 |a Munster :  |b Ugarit-Verlag,  |c 2007. 
300 |a x, 466 pages :  |b portrait ;  |c 25 cm. 
490 1 |a Alter Orient und Altes Testament ;  |v 336. 
504 |a Includes bibliographical references. 
546 |a Twenty-two contributions in German, 2 in English, and 1 in Italian. 
600 1 0 |a Jenni, Ernst. 
650 0 |a Hebrew language  |x Semantics. 
650 0 |a Hebrew philology. 
650 0 |a Akkadian philology. 
650 0 |a Akkadian language  |x Semantics. 
700 1 |a Jenni, Ernst. 
700 1 |a Luchsinger, Jurg. 
700 1 |a Mathys, Hans-Peter. 
700 1 |a Saur, Markus. 
830 0 |a Alter Orient und Altes Testament ;  |v 336. 
901 |a reviewed 
942 |2 lcc  |c BK 
999 |c 56623  |d 56623